[Event "Chinese Chess League Men 2019"]
[Site "Daqing"]
[Date "2019.06.20"]
[Round "2.1"]
[White "Ma, Qun"]
[Black "Bu, Xiangzhi"]
[Result "1/2-1/2"]
[WhiteElo "2626"]
[BlackElo "2729"]
[Annotator "TA"]
[PlyCount "37"]
[EventDate "2019.06.19"]
[EventType "team-tourn"]
[EventCountry "CHN"]
[SourceTitle "playchess.com"]
[Source "ChessBase"]
[SourceQuality "1"]

{[%evp 20,37,14,7,20,0,10,0,0,0,0,0,0,0,0,0,0,0,0,0]} 1. d4 Nf6 2. c4 e6 3. Nf3 ({Predecessor:} 3. Nc3 Bb4 4. Nf3 {½-½ (17) Matlakov,M (2709)-Dubov,D (2694) Moscow 2018}) 3... d5 4. Nc3 Bb4 5. Bg5 h6 6. Bxf6 Qxf6 7. e3 O-O 8. Rc1 dxc4 9. Bxc4 c5 10. O-O cxd4 11. Nxd4 {The position is equal.} Bd7 {D38: Queen's Gambit Declined: Ragozin Defence (4 Nf3 Bb4)} 12. Qb3 Nc6 13. Nxc6 Bxc3 $1 {[#]} 14. Rxc3 $146 (14. Qxc3 Bxc6 15. Qxf6 gxf6 16. Rfd1 Rfd8 17. f3 f5 18. Kf2 Kg7 19. Be2 {½-½ (26) Ding,L (2812)-Giri,A (2797) Shamkir 2019}) 14... Bxc6 15. Bb5 Bd5 16. Bc4 Bc6 17. Bb5 Bd5 18. Bc4 Bc6 19. Bb5 1/2-1/2

[Event "Chinese Chess League Men 2019"]
[Site "Daqing"]
[Date "2019.06.20"]
[Round "2.2"]
[White "Zhao, Jun"]
[Black "Xiang, Zeyu"]
[Result "1-0"]
[WhiteElo "2625"]
[BlackElo "2432"]
[Annotator "TA"]
[PlyCount "81"]
[EventDate "2019.06.19"]
[EventType "team-tourn"]
[EventCountry "CHN"]
[SourceTitle "playchess.com"]
[Source "ChessBase"]
[SourceQuality "1"]

{[%evp 14,81,16,0,0,0,0,0,0,0,0,0,7,12,54,63,76,95,63,85,91,0,51,75,60,22,193,33,33,31,45,43,67,47,100,100,260,265,370,233,406,406,472,208,360,360,620,531,720,0,0,0,0,0,584,579,625,610,29989,29990,29990,1484,5329,5289,5281,2091,2043,1931,29979,29980]} 1. c4 e6 2. Nc3 d5 3. d4 Be7 4. cxd5 exd5 5. Bf4 c6 6. e3 Bf5 7. g4 Be6 8. h3 Nd7 {D31: Queen's Gambit Declined: Semi-Slav without ...Nf6 (+ Marshall Gambit and Noteboom) and Exchange Variation lines without ...Nf6} 9. Nf3 (9. Bd3 h5 10. gxh5 Ndf6 11. h6 Nxh6 12. Qc2 Qd7 13. Nf3 Bf5 14. Ne5 Bxd3 15. Nxd3 Nh5 16. Bh2 Qxh3 {½-½ (32) Radjabov,T (2757)-Giri,A (2783) Wijk aan Zee 2019}) 9... g5 10. Bh2 h5 {The position is equal.} 11. gxh5 Rxh5 12. Rg1 Rh8 13. Qb3 $36 {[%mdl 2048] White fights for an advantage.} b5 $146 ({Predecessor:} 13... Nb6 14. Qc2 Bxh3 15. Bxh3 Rxh3 16. Nxg5 Bxg5 {½-½ (80) Charochkina,D (2326)-Mkrtchian,L (2454) Belgrade 2013}) 14. O-O-O a5 15. Qc2 a4 16. Kb1 Kf8 17. Be5 ({Better is} 17. e4 $16) 17... Rh6 ({Black should play} 17... Rh5 $1 $11) 18. h4 $14 {[%cal Rf3g5]} g4 19. Bd3 Rh5 $2 (19... gxf3 $11 {and Black has nothing to worry.} 20. Rxg8+ Kxg8 21. Rg1+ Rg6 $1 {[%mdl 512]} 22. Bxg6 Nxe5 23. Bf5+ (23. dxe5 Kh8 $11) 23... Kh8 24. Bxe6 fxe6 25. dxe5 Qe8) 20. Ng5 $2 (20. Ne2 $1 $18) 20... Bxg5 (20... Nxe5 $2 21. Nxe6+ fxe6 22. dxe5 $16) 21. hxg5 Nxe5 22. dxe5 Rxg5 23. Ne2 Rc8 ({Black should try} 23... Rxe5 $14 24. Qc5+ (24. Qxc6 Bd7 $14) 24... Qe7 25. Qxc6 Rc8) 24. Nd4 $1 $16 {Strongly threatening f4.} Qe7 $2 (24... Rxe5 $16 {was called for.} 25. Nxe6+ (25. Nxc6 $2 Qd6 $19) 25... Rxe6) 25. f4 $1 $18 {[%cal Rf4g5]} ({Less strong is} 25. Nxc6 Qe8 $14) 25... gxf3 26. Nxf3 Rg4 $2 (26... Rxg1 {was necessary.} 27. Rxg1 Qa7) 27. Nd4 Nh6 28. Rgf1 (28. Rh1 $142 Kg7 29. Rdf1) 28... Kg7 $2 (28... Rh4 29. Rf6 (29. Nxc6 Qg5 $16) 29... Bg4) 29. Rf6 Rh8 $2 (29... Ng8 30. Nf5+ (30. Nxc6 Rxc6 31. Qxc6 Nxf6 $15) 30... Bxf5 31. Bxf5 Nxf6) 30. Rdf1 c5 31. Nxb5 $2 ({Only move:} 31. Nxe6+ $18 fxe6 32. Qd1) 31... Rg5 $1 $11 32. Qf2 {Hoping for Nd6.} Ng4 33. Qf4 $1 {And now Nc7 would win.} Rhh5 $2 {[%mdl 8192] [#]} (33... Rxe5 $11 34. Rxe6 Qxe6) 34. Nc7 $1 $18 {[%cal Rc7e6][%mdl 512]} Qxc7 {[#]} 35. Rxe6 $1 {[%mdl 512] Threatens to win with Re8.} Nxe5 {[#] intending ...Qd8.} (35... fxe6 36. Qf8#) 36. Qf6+ $1 Kf8 37. Rd6 (37. Bb5 $142 Qc8 38. Rxe5 Rf5 39. Rexf5 Qxf5+ 40. Rxf5 Rxf5 41. Qxf5 Ke7 42. Qe5+ Kf8 {[#]} 43. Qf6 $1 {[%mdl 512]}) 37... c4 38. Rd8+ Qxd8 39. Qxd8+ Kg7 40. Qf6+ Kg8 41. Be2 {Accuracy: White = 61%, Black = 24%.} 1-0

[Event "Chinese Chess League Men 2019"]
[Site "Daqing"]
[Date "2019.06.20"]
[Round "2.3"]
[White "Zou, Chen"]
[Black "Liu, Qingnan"]
[Result "0-1"]
[WhiteElo "2415"]
[BlackElo "2551"]
[Annotator "ChessBase"]
[PlyCount "138"]
[EventDate "2019.06.19"]
[EventType "team-tourn"]
[EventCountry "CHN"]
[SourceTitle "playchess.com"]
[Source "ChessBase"]
[SourceQuality "1"]
[TimeControl "5400+30"]

1. d4 {[%emt 0:00:07]} g6 {[%emt 0:00:00]} 2. e4 {[%emt 0:02:13]} Bg7 {[%emt 0:00:03]} 3. Nf3 {[%emt 0:00:45]} d6 {[%emt 0:00:11]} 4. Bc4 {[%emt 0:00:30]} a6 {[%emt 0:00:45]} 5. O-O {[%emt 0:00:43]} e6 {[%emt 0:01:09]} 6. Re1 {[%emt 0:03:35]} Nd7 {[%emt 0:02:40]} 7. Nbd2 {[%emt 0:03:07]} b5 {[%emt 0:01:33]} 8. Bd3 {[%emt 0:03:42]} c5 {[%emt 0:00:54]} 9. c3 {[%emt 0:00:33]} Bb7 {[%emt 0:03:52]} 10. a4 {[%emt 0:04:07]} c4 {[%emt 0:02:01]} 11. Bc2 {[%emt 0:00:37]} Ngf6 {[%emt 0:00:30]} 12. Nf1 {[%emt 0:01:24]} O-O {[%emt 0:01:54]} 13. Ng3 {[%emt 0:05:55]} Qc7 {[%emt 0:02:04]} 14. Bg5 {[%emt 0:05:46]} e5 {[%emt 0:05:15]} 15. Qd2 {[%emt 0:01:12]} Rfe8 {[%emt 0:02:59]} 16. Bh6 {[%emt 0:03:55]} Bh8 {[%emt 0:08:02]} 17. h3 {[%emt 0:03:11]} d5 {[%emt 0:04:00]} 18. axb5 {[%emt 0:16:24]} axb5 {[%emt 0:16:07]} 19. Rxa8 {[%emt 0:00:31]} Bxa8 {[%emt 0:01:51]} 20. Nxe5 {[%emt 0:00:51]} Nxe5 {[%emt 0:09:19]} 21. Bf4 {[%emt 0:02:48]} Nfd7 {[%emt 0:21:41]} 22. dxe5 {[%emt 0:00:03]} Nxe5 {[%emt 0:00:27]} 23. exd5 {[%emt 0:00:14]} Qd6 {[%emt 0:00:50]} 24. Rd1 {[%emt 0:02:44]} f5 {[%emt 0:04:42]} 25. Qe3 {[%emt 0:21:12]} Bf6 {[%emt 0:01:52]} 26. Bg5 {[%emt 0:12:33]} Nf3+ {[%emt 0:02:08]} 27. Qxf3 {[%emt 0:00:02]} Bxg5 {[%emt 0:00:02]} 28. Nxf5 {[%emt 0:01:08]} gxf5 {[%emt 0:00:24]} 29. Qxf5 {[%emt 0:00:03]} Qg6 {[%emt 0:02:04]} 30. Qd7 {[%emt 0:00:52]} Qf7 {[%emt 0:00:25]} 31. Qg4 {[%emt 0:00:40]} Qf4 {[%emt 0:03:48]} 32. Qh5 {[%emt 0:03:14]} Re7 {[%emt 0:00:09]} 33. d6 {[%emt 0:01:08]} Rf7 {[%emt 0:00:35]} 34. Qe2 {[%emt 0:00:03]} Bh4 {[%emt 0:00:34]} 35. Rf1 {[%emt 0:00:41]} Qxd6 {[%emt 0:01:14]} 36. Qg4+ {[%emt 0:00:50]} Rg7 {[%emt 0:00:01]} 37. Bxh7+ {[%emt 0:00:18]} Kh8 {[%emt 0:00:59]} 38. Bg6 {[%emt 0:00:36]} Be7 {[%emt 0:00:56]} 39. Qh5+ {[%emt 0:00:39]} Kg8 {[%emt 0:00:01]} 40. Qxb5 {[%emt 0:00:18]} Qc6 {[%emt 0:01:10]} 41. Qxc6 {[%emt 0:00:32]} Bxc6 {[%emt 0:00:01]} 42. Re1 {[%emt 0:00:09]} Rxg6 {[%emt 0:00:37]} 43. Rxe7 {[%emt 0:00:02]} Bxg2 {[%emt 0:00:05]} 44. h4 {[%emt 0:01:14]} Bf3+ {[%emt 0:00:59]} 45. Kh2 {[%emt 0:00:40]} Bd5 {[%emt 0:00:34]} 46. Kh3 {[%emt 0:00:15]} Rf6 {[%emt 0:00:19]} 47. Re5 {[%emt 0:00:17]} Be6+ {[%emt 0:00:19]} 48. Kg3 {[%emt 0:00:32]} Kf7 {[%emt 0:00:04]} 49. Rc5 {[%emt 0:00:33]} Rf5 {[%emt 0:00:17]} 50. Rc7+ {[%emt 0:00:48]} Kf6 {[%emt 0:00:06]} 51. Rb7 {[%emt 0:00:12]} Bd5 {[%emt 0:00:00]} 52. Rb5 {[%emt 0:00:21]} Bf7 {[%emt 0:01:13]} 53. Rb6+ {[%emt 0:00:04]} Ke5 {[%emt 0:00:07]} 54. f3 {[%emt 0:01:01]} Bd5 {[%emt 0:00:16]} 55. Rb5 {[%emt 0:00:01]} Rxf3+ {[%emt 0:00:26]} 56. Kg4 {[%emt 0:00:01]} Rf4+ {[%emt 0:00:15]} 57. Kg3 {[%emt 0:00:48]} Rf3+ {[%emt 0:01:53]} 58. Kg4 {[%emt 0:00:02]} Rd3 {[%emt 0:01:41]} 59. b3 {[%emt 0:00:14]} Rxc3 {[%emt 0:00:34]} 60. bxc4 {[%emt 0:00:01]} Rxc4+ {[%emt 0:00:05]} 61. Kg5 {[%emt 0:00:20]} Rc1 {[%emt 0:00:02]} 62. Kh5 {[%emt 0:01:12]} Rg1 {[%emt 0:00:07]} 63. Ra5 {[%emt 0:00:04]} Ke4 {[%emt 0:00:07]} 64. Ra4+ {[%emt 0:00:30]} Kf5 {[%emt 0:00:05]} 65. Ra5 {[%emt 0:00:08]} Rd1 {[%emt 0:00:03]} 66. Rb5 {[%emt 0:00:40]} Rd4 {[%emt 0:00:05]} 67. Ra5 {[%emt 0:01:22]} Kf6 {[%emt 0:00:05]} 68. Ra6+ {[%emt 0:00:02]} Be6 {[%emt 0:00:03]} 69. Rb6 {[%emt 0:00:04]} Rd8 {[%emt 0:00:05]} 0-1

[Event "Chinese Chess League Men 2019"]
[Site "Daqing"]
[Date "2019.06.20"]
[Round "2.4"]
[White "Huang, Renjie"]
[Black "Lin, Yi"]
[Result "1/2-1/2"]
[WhiteElo "2327"]
[BlackElo "2396"]
[Annotator "NA"]
[PlyCount "61"]
[EventDate "2019.06.19"]
[EventType "team-tourn"]
[EventCountry "CHN"]
[SourceTitle "playchess.com"]
[Source "ChessBase"]
[SourceQuality "1"]
[TimeControl "5400+30"]

1. e4 {[%emt 0:00:00]} e5 {[%emt 0:00:00]} 2. Nf3 {[%emt 0:00:00]} Nf6 {[%emt 0:00:00]} 3. Nxe5 {[%emt 0:01:42]} d6 {[%emt 0:00:00]} 4. Nf3 {[%emt 0:00:08]} Nxe4 {[%emt 0:00:07]} 5. d3 {[%emt 0:00:06]} Nf6 {[%emt 0:00:07]} 6. d4 {[%emt 0:00:06]} d5 {[%emt 0:00:21]} 7. Bd3 {[%emt 0:00:15]} Bd6 {[%emt 0:00:13]} 8. Qe2+ {[%emt 0:00:06]} Qe7 {[%emt 0:04:11]} 9. Qxe7+ {[%emt 0:00:08]} Bxe7 {[%emt 0:00:23]} 10. Bf4 {[%emt 0:00:49]} c6 {[%emt 0:00:55]} 11. O-O {[%emt 0:00:09]} O-O {[%emt 0:00:38]} 12. Re1 {[%emt 0:00:34]} Re8 {[%emt 0:00:07]} 13. c4 {[%emt 0:02:40]} dxc4 {[%emt 0:07:55]} 14. Bxc4 {[%emt 0:00:22]} Nd5 {[%emt 0:00:11]} 15. Bd6 {[%emt 0:05:15]} Be6 {[%emt 0:03:24]} 16. Bxe7 {[%emt 0:00:08]} Rxe7 {[%emt 0:00:07]} 17. Nc3 {[%emt 0:00:47]} Nxc3 {[%emt 0:08:11]} 18. bxc3 {[%emt 0:01:36]} Nd7 {[%emt 0:00:39]} 19. Ng5 {[%emt 0:03:37]} Nf8 {[%emt 0:00:39]} 20. Nxe6 {[%emt 0:09:34]} Nxe6 {[%emt 0:00:06]} 21. Rab1 {[%emt 0:02:49]} Rae8 {[%emt 0:02:53]} 22. Bxe6 {[%emt 0:04:03]} Rxe6 {[%emt 0:00:03]} 23. Rxe6 {[%emt 0:00:09]} Rxe6 {[%emt 0:00:04]} 24. Kf1 {[%emt 0:00:05]} b6 {[%emt 0:00:41]} 25. a4 {[%emt 0:01:23]} g6 {[%emt 0:01:02]} 26. a5 {[%emt 0:01:18]} b5 {[%emt 0:05:02]} 27. d5 {[%emt 0:00:09]} Re5 {[%emt 0:01:51]} 28. dxc6 {[%emt 0:04:11]} Rc5 {[%emt 0:00:05]} 29. Rd1 {[%emt 0:00:52]} Rxc6 {[%emt 0:00:10]} 30. Rd5 {[%emt 0:00:51]} Rxc3 {[%emt 0:00:39]} 31. Rxb5 {[%emt 0:00:05]} 1/2-1/2

[Event "Chinese Chess League Men 2019"]
[Site "Daqing"]
[Date "2019.06.20"]
[Round "2.5"]
[White "Yu, Yangyi"]
[Black "Bai, Jinshi"]
[Result "1-0"]
[WhiteElo "2738"]
[BlackElo "2606"]
[Annotator "TA"]
[PlyCount "139"]
[EventDate "2019.06.19"]
[EventType "team-tourn"]
[EventCountry "CHN"]
[SourceTitle "playchess.com"]
[Source "ChessBase"]
[SourceQuality "1"]

{[%evp 27,139,22,22,33,27,14,36,24,48,48,33,42,46,44,45,53,41,53,43,31,52,26,61,45,100,114,140,116,68,65,199,193,174,91,90,93,131,120,140,140,140,140,140,140,140,140,138,138,140,140,140,106,118,121,149,149,149,149,139,133,152,133,133,117,133,132,133,128,127,110,110,110,107,109,152,149,149,142,157,157,157,157,157,145,145,145,145,145,145,145,145,145,145,145,145,145,145,145,145,145,145,145,29977,29977,29976,29977,29982,29980,29982,29983,29983,29984,29984,29984]} 1. d4 d5 2. c4 c6 3. Nf3 Nf6 4. e3 g6 5. Nc3 Bg7 6. Be2 O-O 7. O-O dxc4 8. Bxc4 Bg4 9. h3 Bxf3 10. Qxf3 Nbd7 11. Rd1 e5 12. d5 e4 13. Nxe4 Nxe4 14. Qxe4 Nb6 15. Bb3 {D94: Grünfeld: 4 Nf3 Bg7 5 e3} cxd5 16. Bxd5 Nxd5 17. Rxd5 {White is slightly better.} Qb6 18. Qd3 Rad8 19. e4 Bd4 20. Qf3 Rc8 21. a4 {[%cal Ba2a4,Ba4a5,Ba5a6][%mdl 32]} Rc2 {[%cal Rc2f2]} 22. a5 Qb4 {[#]} 23. Bf4 $146 ({Predecessor:} 23. Bh6 Qxb2 24. Rf1 Bg7 25. Be3 b6 26. axb6 axb6 {½-½ (26) Dubov,D (2660)-Sutovsky,E (2650) Poikovsky 2017}) 23... Qxb2 (23... Bxf2+ $6 24. Kh1 $16) 24. Rf1 Bg7 25. e5 b6 (25... Qb4 $14) 26. a6 $1 $16 Rc3 27. Qe4 Qa2 28. Rd7 {Strongly threatening e6.} Rc4 (28... Ra3 $1 $14) 29. Qd5 $18 {And now e6 would win.} Qxa6 30. e6 (30. Be3 $1 $18 Qc8 31. e6 (31. Rxa7 Qe6 $14) 31... fxe6 32. Qxe6+ Kh8 33. Qe7) 30... Rxf4 $16 31. e7 $1 Qc4 ({Not} 31... Re8 $2 32. Rd8 $1 $18 {[%mdl 512]}) 32. Qb7 ({Stronger than} 32. exf8=B Qxd5 33. Rxd5 Bxf8 $15) 32... Rd4 {White must now prevent ...Re8.} ({Wrong is} 32... Re8 $2 33. Rd8 $1 $18 {[%mdl 512]}) 33. exf8=Q+ Bxf8 34. Rxd4 Qxd4 35. Qxa7 {[%mdl 4096] Endgame KQR-KQB} h5 36. Rb1 Bc5 37. Qa8+ Kh7 38. Qf3 Kg7 39. Qe2 Qf4 40. Rd1 Bd6 {( -> ...Qh2+)} 41. g3 Qf6 42. Kg2 Bc5 43. Rd5 Qc3 44. Rd3 Qf6 45. Rf3 Qd4 46. Qa2 Qd7 47. Qc4 Qb7 48. Qc3+ Kg8 49. Qe5 Qc6 50. Qf6 Qxf6 51. Rxf6 {KR-KB} Kg7 52. Rc6 f5 53. f4 Kf7 54. Kf3 Bd4 55. g4 hxg4+ 56. hxg4 fxg4+ 57. Kxg4 {Kg5 is the strong threat.} Bf6 58. Rxb6 Ke7 59. Rb5 Kf7 60. Kf3 Bc3 61. Ke4 Ke6 62. Rc5 Bb2 63. Rc6+ Kf7 64. Kd5 Bf6 $2 {[%mdl 8192] [#]} (64... Ba1 $16 65. Rc7+ Kf6) 65. Rc7+ $1 {White mates.} Kf8 66. Ke6 Bd4 67. Rd7 Bb2 68. Rd1 Kg7 69. Rg1 Bd4 {[#]} 70. Rg2 $1 {Accuracy: White = 82%, Black = 51%.} 1-0

[Event "Chinese Chess League Men 2019"]
[Site "Daqing"]
[Date "2019.06.20"]
[Round "2.6"]
[White "Xu, Yi"]
[Black "Li, Chao b"]
[Result "1/2-1/2"]
[WhiteElo "2526"]
[BlackElo "2698"]
[Annotator "TA"]
[PlyCount "75"]
[EventDate "2019.06.19"]
[EventType "team-tourn"]
[EventCountry "CHN"]
[SourceTitle "playchess.com"]
[Source "ChessBase"]
[SourceQuality "1"]

{[%evp 9,75,48,41,43,47,52,45,39,38,35,28,19,39,25,0,0,0,0,26,20,23,5,18,0,0,-1,0,0,-3,-4,25,24,18,21,25,33,68,19,18,0,5,0,16,0,7,0,0,-47,-37,-31,-46,-43,-18,-51,-44,-69,0,0,0,-12,0,0,0,0,0,0,0,0]} 1. e4 c5 2. Nf3 Nc6 3. Bb5 Nf6 4. Nc3 d6 5. e5 Nd7 6. exd6 {B30: Sicilian: 2...Nc6 3 Bb5, lines without ...g6} e5 7. O-O Bxd6 8. Bxc6 {White is slightly better.} bxc6 9. d3 O-O 10. Nd2 (10. Ne4 $5 {[%cal Re4d6]} Bc7 11. b3 $11) 10... Nb6 $146 ({Predecessor:} 10... Nf6 11. Nc4 Nd5 12. Nxd6 Nxc3 13. Nxf7 Nxd1 14. Nxd8 Rxd8 15. Rxd1 {1-0 (32) Amonatov,F (2608)-Falah,M (1964) Teheran 2014}) 11. b3 f5 12. Bb2 Rb8 13. a4 a5 14. Re1 Qc7 15. h3 Ba6 16. Rb1 Rbd8 17. Nc4 Nxc4 18. bxc4 e4 {And now ...Bxc4! would win.} 19. Qe2 Qf7 20. dxe4 Bxc4 21. Qf3 Qg6 22. e5 Bc7 23. Bc1 Qe6 24. Bf4 Ba6 25. Ne2 Rfe8 26. Ng3 Rd4 27. Be3 Rc4 28. Nxf5 Qxe5 {( -> ...Qh2+)} 29. Ng3 {[%cal Bf5g3,Bg3e4,Be4g5][%mdl 32]} Qd5 30. Qe2 Bc8 31. Rbd1 Qf7 32. Qd3 Be6 (32... h6 $1 $15) 33. Ne4 $1 $11 {[%cal Re4g5] Ng5 is the strong threat.The position is equal.} Bd5 34. Ng5 Qh5 35. Qf5 $1 {[%cal Rf5d7] [#] Black must now prevent Qd7.} Be6 $1 {[%mdl 512]} 36. Qd3 (36. Nxe6 Qxf5) 36... Bd5 37. Qf5 {[#] Strongly threatening Qd7.} Be6 $1 {[%mdl 512]} 38. Qd3 {Accuracy: White = 47%, Black = 71%.} (38. Nxe6 Qxf5) 1/2-1/2

[Event "Chinese Chess League Men 2019"]
[Site "Daqing"]
[Date "2019.06.20"]
[Round "2.7"]
[White "Xiu, Deshun"]
[Black "Lou, Yiping"]
[Result "0-1"]
[WhiteElo "2538"]
[BlackElo "2482"]
[Annotator "ChessBase"]
[PlyCount "118"]
[EventDate "2019.06.19"]
[EventType "team-tourn"]
[EventCountry "CHN"]
[SourceTitle "playchess.com"]
[Source "ChessBase"]
[SourceQuality "1"]
[TimeControl "5400+30"]

1. d4 {[%emt 0:00:00]} Nf6 {[%emt 0:00:00]} 2. c4 {[%emt 0:00:00]} e6 {[%emt 0:00:00]} 3. Nc3 {[%emt 0:00:00]} Bb4 {[%emt 0:00:00]} 4. Nf3 {[%emt 0:02:36]} O-O {[%emt 0:02:18]} 5. Bg5 {[%emt 0:04:17]} c5 {[%emt 0:05:44]} 6. Rc1 {[%emt 0:01:35]} h6 {[%emt 0:02:52]} 7. Bh4 {[%emt 0:13:37]} cxd4 {[%emt 0:02:28]} 8. Nxd4 {[%emt 0:00:38]} b6 {[%emt 0:01:44]} 9. Ndb5 {[%emt 0:09:23]} Nc6 {[%emt 0:12:57]} 10. e3 {[%emt 0:11:20]} a6 {[%emt 0:16:26]} 11. Nd6 {[%emt 0:00:25]} Qe7 {[%emt 0:00:28]} 12. Bg3 {[%emt 0:00:39]} Ne8 {[%emt 0:03:16]} 13. Nxe8 {[%emt 0:05:10]} Rxe8 {[%emt 0:07:10]} 14. a3 {[%emt 0:04:22]} Bxc3+ {[%emt 0:00:07]} 15. Rxc3 {[%emt 0:00:06]} e5 {[%emt 0:01:17]} 16. Be2 {[%emt 0:08:04]} d6 {[%emt 0:02:38]} 17. Bf3 {[%emt 0:03:51]} Bb7 {[%emt 0:00:58]} 18. O-O {[%emt 0:01:32]} Rac8 {[%emt 0:02:35]} 19. Bd5 {[%emt 0:04:10]} Nd8 {[%emt 0:14:51]} 20. Qb3 {[%emt 0:03:05]} Qc7 {[%emt 0:00:38]} 21. Rd1 {[%emt 0:04:01]} Ne6 {[%emt 0:02:44]} 22. Qc2 {[%emt 0:06:33]} Bc6 {[%emt 0:01:18]} 23. f4 {[%emt 0:04:44]} exf4 {[%emt 0:04:12]} 24. exf4 {[%emt 0:00:40]} Nc5 {[%emt 0:00:12]} 25. f5 {[%emt 0:01:32]} Ne4 {[%emt 0:01:26]} 26. Bxe4 {[%emt 0:00:11]} Bxe4 {[%emt 0:00:09]} 27. Qf2 {[%emt 0:00:05]} Qc5 {[%emt 0:01:35]} 28. Rxd6 {[%emt 0:02:32]} Bxf5 {[%emt 0:00:33]} 29. Qxc5 {[%emt 0:00:08]} bxc5 {[%emt 0:00:09]} 30. Kf2 {[%emt 0:01:13]} a5 {[%emt 0:01:28]} 31. a4 {[%emt 0:05:47]} Be4 {[%emt 0:01:48]} 32. Bf4 {[%emt 0:00:49]} Kh7 {[%emt 0:05:13]} 33. h4 {[%emt 0:00:18]} f6 {[%emt 0:00:56]} 34. g3 {[%emt 0:00:39]} g5 {[%emt 0:01:02]} 35. Rd7+ {[%emt 0:00:42]} Kg6 {[%emt 0:00:14]} 36. Be3 {[%emt 0:00:13]} Re5 {[%emt 0:01:18]} 37. hxg5 {[%emt 0:01:57]} hxg5 {[%emt 0:00:14]} 38. g4 {[%emt 0:00:10]} Rh8 {[%emt 0:01:23]} 39. Kg3 {[%emt 0:00:03]} Rh4 {[%emt 0:00:56]} 40. Rd6 {[%emt 0:00:26]} Bb7 {[%emt 0:00:30]} 41. Rb3 {[%emt 0:01:35]} Bc8 {[%emt 0:00:36]} 42. Kf2 {[%emt 0:00:04]} Rxg4 {[%emt 0:00:17]} 43. Rb8 {[%emt 0:00:12]} Be6 {[%emt 0:00:32]} 44. Bd2 {[%emt 0:01:18]} Rxc4 {[%emt 0:00:27]} 45. Bc3 {[%emt 0:00:24]} Rf4+ {[%emt 0:00:52]} 46. Kg1 {[%emt 0:00:01]} Ree4 {[%emt 0:01:27]} 47. Rbb6 {[%emt 0:01:32]} Kf5 {[%emt 0:00:30]} 48. Rbc6 {[%emt 0:00:34]} c4 {[%emt 0:01:18]} 49. Rc5+ {[%emt 0:00:08]} Kg4 {[%emt 0:00:10]} 50. Rcc6 {[%emt 0:00:11]} Bf5 {[%emt 0:00:35]} 51. Bd2 {[%emt 0:00:56]} Rf3 {[%emt 0:00:27]} 52. Rxf6 {[%emt 0:00:02]} Rg3+ {[%emt 0:00:51]} 53. Kf2 {[%emt 0:00:05]} Rf3+ {[%emt 0:00:34]} 54. Kg1 {[%emt 0:00:01]} Re2 {[%emt 0:01:34]} 55. Bxa5 {[%emt 0:00:41]} Rg3+ {[%emt 0:00:18]} 56. Kf1 {[%emt 0:00:14]} Bd3 {[%emt 0:00:16]} 57. Bb6 {[%emt 0:00:46]} Rxb2+ {[%emt 0:00:36]} 58. Ke1 {[%emt 0:00:02]} Rgg2 {[%emt 0:00:10]} 59. Bf2 {[%emt 0:00:14]} Re2+ {[%emt 0:00:10]} 0-1

[Event "Chinese Chess League Men 2019"]
[Site "Daqing"]
[Date "2019.06.20"]
[Round "2.8"]
[White "Wang, Zideng"]
[Black "Yuan, Qingyu"]
[Result "0-1"]
[WhiteElo "2015"]
[BlackElo "2355"]
[Annotator "NA"]
[PlyCount "87"]
[EventDate "2019.06.19"]
[EventType "team-tourn"]
[EventCountry "CHN"]
[SourceTitle "playchess.com"]
[Source "ChessBase"]
[SourceQuality "1"]
[TimeControl "5400+30"]

1. d4 {[%emt 0:00:07]} Nf6 {[%emt 0:00:00]} 2. c4 {[%emt 0:00:00]} e6 {[%emt 0:00:00]} 3. g3 {[%emt 0:00:00]} d5 {[%emt 0:00:00]} 4. Nf3 {[%emt 0:00:00]} Bb4+ {[%emt 0:00:00]} 5. Bd2 {[%emt 0:00:23]} Bd6 {[%emt 0:00:28]} 6. Bg2 {[%emt 0:00:30]} c6 {[%emt 0:00:30]} 7. Qc2 {[%emt 0:00:30]} Nbd7 {[%emt 0:00:30]} 8. O-O {[%emt 0:00:30]} O-O {[%emt 0:00:30]} 9. Bg5 {[%emt 0:00:30]} h6 {[%emt 0:00:50]} 10. Bxf6 {[%emt 0:01:27]} Nxf6 {[%emt 0:00:04]} 11. Nbd2 {[%emt 0:02:21]} b6 {[%emt 0:02:11]} 12. e4 {[%emt 0:01:19]} Be7 {[%emt 0:00:04]} 13. e5 {[%emt 0:03:29]} Nd7 {[%emt 0:00:43]} 14. cxd5 {[%emt 0:05:49]} cxd5 {[%emt 0:00:54]} 15. Rfc1 {[%emt 0:00:12]} Nb8 {[%emt 0:03:11]} 16. Bf1 {[%emt 0:02:43]} Bd7 {[%emt 0:03:37]} 17. a3 {[%emt 0:01:47]} a6 {[%emt 0:13:54]} 18. Qc7 {[%emt 0:01:03]} Qxc7 {[%emt 0:02:29]} 19. Rxc7 {[%emt 0:00:12]} Rc8 {[%emt 0:00:04]} 20. Rac1 {[%emt 0:04:39]} Rxc7 {[%emt 0:00:15]} 21. Rxc7 {[%emt 0:00:09]} Kf8 {[%emt 0:03:48]} 22. Bd3 {[%emt 0:08:43]} Ke8 {[%emt 0:01:42]} 23. Rc1 {[%emt 0:02:47]} a5 {[%emt 0:07:14]} 24. Kf1 {[%emt 0:01:51]} a4 {[%emt 0:01:04]} 25. Nb1 {[%emt 0:03:59]} Kd8 {[%emt 0:05:26]} 26. Nc3 {[%emt 0:03:25]} Ra5 {[%emt 0:00:54]} 27. Ke2 {[%emt 0:03:30]} Nc6 {[%emt 0:01:09]} 28. Ke3 {[%emt 0:15:13]} f6 {[%emt 0:09:43]} 29. exf6 {[%emt 0:05:44]} gxf6 {[%emt 0:04:47]} 30. Bb5 {[%emt 0:02:49]} Na7 {[%emt 0:05:23]} 31. Bd3 {[%emt 0:07:33]} Nc8 {[%emt 0:05:26]} 32. Na2 {[%emt 0:03:03]} Bd6 {[%emt 0:01:30]} 33. Nh4 {[%emt 0:01:38]} e5 {[%emt 0:01:24]} 34. Bf5 {[%emt 0:01:30]} exd4+ {[%emt 0:02:01]} 35. Kd3 {[%emt 0:00:15]} Rb5 {[%emt 0:04:39]} 36. Bxd7 {[%emt 0:01:14]} Kxd7 {[%emt 0:01:13]} 37. Rc2 {[%emt 0:00:24]} Rb3+ {[%emt 0:00:36]} 38. Kxd4 {[%emt 0:01:46]} Ne7 {[%emt 0:01:37]} 39. f4 {[%emt 0:02:39]} Bc5+ {[%emt 0:00:14]} 40. Rxc5 {[%emt 0:00:12]} bxc5+ {[%emt 0:00:03]} 41. Kxc5 {[%emt 0:00:08]} Rxb2 {[%emt 0:00:19]} 42. Nc3 {[%emt 0:00:16]} Rxh2 {[%emt 0:01:33]} 43. Nxa4 {[%emt 0:02:01]} Rc2+ {[%emt 0:00:48]} 44. Kd4 {[%emt 0:00:35]} 0-1